Corre pay d'orient tres Ppeu connu

Uloženo v:
Podrobná bibliografie
Médium: Kniha
Jazyk:Undetermined
Vydáno: Korea
Témata:
Tagy: Přidat tag
Žádné tagy, Buďte první, kdo otaguje tento záznam!
Thư viện lưu trữ: Trung tâm Học liệu Trường Đại học Cần Thơ
LEADER 00371nam a2200145Ia 4500
001 CTU_90652
008 210402s9999 xx 000 0 und d
082 |a 951.9 
082 |b C797 
245 0 |a Corre pay d'orient tres Ppeu connu 
260 |a Korea 
650 |a korea 
650 |x history 
904 |i Mai Loan 
980 |a Trung tâm Học liệu Trường Đại học Cần Thơ